000 00975naa a22002897a 4500
001 BR8303477
003 BR-BrBNA
005 20250721143229.0
007 ta
008 250630b bl.|||m| |||| 00| 0 por d
040 _aBR-BrBNA
_bpor
_cBiblioteca Nacional de Agricultura
041 _a(Pt)
072 _aL73
_b5212
_b4110
090 _aL73 BR8303477
100 1 _aNakajima, M.
245 1 _aBrucelose bovina. Vacinacao de femeas adultas com vacina B-19 [doenca animal, Brucella abortus, imunizacao]
500 _aInformativo LANARA abril-maio-junho 1983 Brasilia, DF (Brasil): 1983. p. 40-45 (BR8303477-AMS)
773 0 _tInformativo LANARA abril-maio-junho 1983
_wL73 BR8303477
_gBrasilia, DF (Brasil), 1983. p. 40-45
650 _aDOENCA ANIMAL
650 _aBRUCELOSE
650 _aBOVINO
650 _aVACINA
650 _aIMUNIZACAO
490 _aInformativo LANARA (Brazil)
_vv. 5(23)
942 _cAMS
_2AGRIS
909 _a202506
_bLúcia
_c55
_dLúcia Elande
999 _c334542
_d334542